Normal view
MARC view
- Central America
Entry Geographic Name
001 - CONTROL NUMBER
- control field: 3661
003 - CONTROL NUMBER IDENTIFIER
- control field: OSt
005 - DATE AND TIME OF LATEST TRANSACTION
- control field: 20170511154521.0
008 - FIXED-LENGTH DATA ELEMENTS
- fixed length control field: 170511|| aca||aabn | a|a d
040 ## - CATALOGING SOURCE
- Original cataloging agency: OSt
- Transcribing agency: OSt
151 ## - HEADING--GEOGRAPHIC NAME
- Geographic name: Central America
- General subdivision: Foreign relations
- Geographic subdivision: United States
670 ## - SOURCE DATA FOUND
- Source citation: Work cat.: (OSt)0: DEVELOPMENT POSTPONED THE POLITICAL ECONOMY OF CENTRAL AMERICA IN THE 1980's, 1987

PORTAL AKMAL
E-MEL JKDM
AKMAL2U
G-BAM
u-PUSTAKA